| 000 | 00812nam a2200241Ia 4500 | ||
|---|---|---|---|
| 001 | 95151 | ||
| 003 | 175774 | ||
| 005 | 20250228104159.0 | ||
| 008 | ||||||n9999 ||| || || | ||
| 245 | 0 | _aManual de procesos y procedimientos del área financiera del Ministerio de Cultura | |
| 562 | _e1 | ||
| 650 | 0 |
_aAdministración financiera _96926 |
|
| 650 | 0 |
_aEstructura del estado _93883 |
|
| 650 |
_aESTRUCTURA FINANCIERA _973585 |
||
| 650 | 0 |
_aGestión financiera _916749 |
|
| 650 |
_aMANUAL DE PROCEDIMIENTOS _916899 |
||
| 650 |
_aMANUAL DE PROCESOS _9114531 |
||
| 650 |
_aMEJORAMIENTO CONTINUO--ADMINISTRACION PUBLICA--PEREIRA (COLOMBIA) _9114532 |
||
| 650 |
_aNORMALIZACIÓN _915851 |
||
| 650 |
_aRACIONALIZACION _9114533 |
||
| 650 |
_aTESIS Y DISERTACIONES ACADÉMICAS _9114534 |
||
| 942 | _cTESIS | ||
| 999 |
_c95151 _d95151 |
||